000 00928nam a22002897a 4500
003 AR-RoUNA
005 20250213170418.0
008 250213b |||||||| |||| 00| 0 spa d
020 _a9789560101778
040 _aAR-RoUNA
_bspa
_dAR-RoUNA
041 _aspa
_hspa
044 _aag
100 1 _aMattos, Carlos A. de
_926882
245 1 _aRevolucion urbana :
_bestado, mercado y capital en America Latina /
_c Carlos A. de Mattos
250 _a1a. ed.
260 _aProvidencia, Santiago De Chile :
_bRIL editores - Instituto de Estudios Urbanos y Territoriales UC,
_c2015
300 _a320 p.:
_c23x15 cm
490 _aEstudios Urbanos UC
650 4 _aUrbanismo
_zChile
650 4 _aDesarrollo urbano
_zAmerica Latina
650 4 _aPlanificacion urbana
908 _aImp
930 _e12143
942 _2ddc
_cLIB
945 _aMIA
_d2025-02-13
980 _61
_aMaricel Allasia
_81
_gMaricel Allasia
999 _c11765
_d11765